| 000 | 00721nam a2200217 u 4500 | ||
|---|---|---|---|
| 001 | 000046850 | ||
| 003 | DO-SdBNP | ||
| 005 | 20220504114349.0 | ||
| 007 | ta | ||
| 008 | 100809s2016 dr r 000 0 spa d | ||
| 020 | _a9789945085808 | ||
| 040 |
_aDO-SdBNP _bspa _cBNPHU |
||
| 082 | 4 | _222 | |
| 100 | 1 |
_aAdames, Frayla Esther, _d1960- _974796 |
|
| 245 | 1 | 0 |
_aReflexiones del corazón : _buna selección de poemas para la exaltación del alma, el éxito y la armonía familiar / _cFrayla Esther Adames. |
| 260 |
_aSanto Domingo : _bBúho, _c2016. |
||
| 300 |
_a293 p. ; _c23 cm. |
||
| 500 | _aIncluye datos biografícos de la autora en la solapa de la cubierta. | ||
| 590 | _aInventariado, 2018/ YL | ||
| 942 |
_2ddc _cLBS1 |
||
| 999 |
_c46339 _d46339 |
||